Directorio catequístico, glossa universal de la doctrina christiana, ilustrada con erudición de letras sagradas, ...

Detalles Bibliográficos
Autor principal: ORTIZ CANTERO, José
Formato: Libro
Publicado: Madrid 1766
Materias:
Colección:Banco de datos
Acervo:Biblioteca del Ex Convento de Nuestra Señora de Guadalupe. Zacatecas
Descripción Física:t. I
Tema general:Catequética
Notas:Buena. XI,13,16 (3927). Dos ex libris manuscritos
LEADER 00790nam a22002050004500
035 |a 46196 
036 |a 7380 
100 1 |a ORTIZ CANTERO, José 
245 1 0 |a Directorio catequístico, glossa universal de la doctrina christiana, ilustrada con erudición de letras sagradas, ... 
260 |a Madrid  |b imp. Antonio Pérez de Soto  |c 1766 
300 |a t. I 
500 |a Buena. XI,13,16 (3927). Dos ex libris manuscritos 
650 1 0 |a Catequética 
949 |a CRZ-CG 
959 |a Ex convento de Nuestra Señora de Guadalupe, Museo Regional de Zacatecas, Zacatecas  |b CCC4 
960 |a Convento de Nuestra Señora de Guadalupe, Zacatecas  |b DD87 
961 |a Franciscana  |b OF 
942 |c CRZ-CG 
943 |g Biblioteca del Ex Convento de Nuestra Señora de Guadalupe. Zacatecas 
999 |c 970323  |d 970323